Welcome to CU Library Online Public Access Catalogue (OPAC)

International advertising : (Record no. 3915)

MARC details
000 -LEADER
fixed length control field 00688cam a2200217 a 4500
001 - CONTROL NUMBER
control field 1143137
005 - DATE AND TIME OF LATEST TRANSACTION
control field 20250217135758.0
008 - FIXED-LENGTH DATA ELEMENTS--GENERAL INFORMATION
fixed length control field 950414s1996 cauab b 001 0 eng
020 ## - INTERNATIONAL STANDARD BOOK NUMBER
International Standard Book Number 0534192785 (acidfree recycled paper)
050 00 - LIBRARY OF CONGRESS CALL NUMBER
Classification number HF5823
Item number .M83 1996
082 00 - DEWEY DECIMAL CLASSIFICATION NUMBER
Classification number 659.1
Edition information 20
100 1# - MAIN ENTRY--PERSONAL NAME
Personal name Mueller, Barbara,
Dates associated with a name 1958-
245 10 - TITLE STATEMENT
Title International advertising :
Remainder of title communicating across cultures /
Statement of responsibility, etc. Barbara Mueller.
260 ## - PUBLICATION, DISTRIBUTION, ETC.
Place of publication, distribution, etc. Belmont :
Name of publisher, distributor, etc. Wadsworth Pub. Co.,
Date of publication, distribution, etc. c1996.
300 ## - PHYSICAL DESCRIPTION
Extent xi, 340 p. :
Other physical details ill., map ;
Dimensions 24 cm.
650 #0 - SUBJECT ADDED ENTRY--TOPICAL TERM
Topical term or geographic name entry element Advertising.
650 #0 - SUBJECT ADDED ENTRY--TOPICAL TERM
Topical term or geographic name entry element Export marketing.
650 #0 - SUBJECT ADDED ENTRY--TOPICAL TERM
Topical term or geographic name entry element Intercultural communication.
650 #0 - SUBJECT ADDED ENTRY--TOPICAL TERM
Topical term or geographic name entry element Advertising media planning.
942 ## - ADDED ENTRY ELEMENTS (KOHA)
Source of classification or shelving scheme Library of Congress Classification
Koha item type Books
Suppress in OPAC No
999 ## -
-- 3915
-- 3915
Holdings
Withdrawn status Lost status Source of classification or shelving scheme Damaged status Not for loan Collection Home library Current library Shelving location Date acquired Total checkouts Full call number Barcode Date last seen Copy number Price effective from Koha item type
    Library of Congress Classification     Non-fiction Undergraduate Library (Christ Temple) Undergraduate Library (Christ Temple) General stacks 02/17/2025   HF5823.MB MUE ulct00001251 02/17/2025 1 02/17/2025 Books
© 2023-2024 Copyright: Central University Libraries. All Rights Reserved | Created by: Mahone Tech Office